000 00421nam a2200157Ia 4500
008 230312s9999||||xx |||||||||||||| ||und||
020 _a0-415-28352-3
082 _a720
_bWIL-U
100 _aWilliamson;Tarry
245 0 _aUnderstanding Sustainable Architecture
260 _bSpon Press
_aLondon
_c2003
300 _a160
546 _aEng.
650 _aArchitecture
_vUnderstanding Sustainable Architecture
942 _cBK
999 _c9679
_d9679